| 000 | 00792nam a22001937a 4500 | ||
|---|---|---|---|
| 005 | 20240409112941.0 | ||
| 010 | _aENG-139953 | ||
| 020 |
_a9788120796546 _c200.00 |
||
| 035 | _aEN-123485 | ||
| 037 | _bDBAD/PUB | ||
| 082 | _a133.323 | ||
| 100 |
_aSingal,Naresh _964456 |
||
| 245 |
_aVaastu: _bVedic Architectural Wisdom for Modern Buildings/ _cBy Naresh Singal [and] Bharat Singal |
||
| 260 |
_aNew Delhi _bSterling Publishers (P) Ltd. _c2015 |
||
| 270 |
_aA-59, Okhla Industrial Area , Phase-II _bNew Delhi _e110020 _k26387070 _l91-11-26383788 _mmail@sterlingpublishers.com |
||
| 300 |
_a167p. _c22cm(Pb) |
||
| 700 |
_aSingal, Bharat _963974 |
||
| 942 |
_2ddc _cEN _h133.323 _mSIN |
||
| 999 |
_c201799 _d201799 |
||